[Event "HUN-chT2 Breyer 1011"]
[Site "Hungary"]
[Date "2010.11.21"]
[Round "6.5"]
[White "Farkas, Lajos"]
[Black "Csoke, Adrienn"]
[Result "1/2-1/2"]
[WhiteElo "2149"]
[BlackElo "2136"]
[PlyCount "75"]
[EventDate "2010.09.12"]
[EventType "team-tourn"]
[EventRounds "11"]
[EventCountry "HUN"]
[SourceTitle "EXT 2012"]
[Source "ChessBase"]
[SourceDate "2011.11.24"]
[SourceVersion "1"]
[SourceVersionDate "2011.11.24"]
[SourceQuality "1"]
[WhiteTeam "Sarkany"]
[BlackTeam "Biatorbagy"]
[WhiteTeamCountry "HUN"]
[BlackTeamCountry "HUN"]

1. d4 Nf6 2. c4 e6 3. g3 Bb4+ 4. Bd2 Qe7 5. Bg2 Nc6 6. Nf3 0-0 7. 0-0 Bxd2 8. Nbxd2 a5 9. e4 e5 10. d5 Nb8 11. Ne1 d6 12. Nd3 Nbd7 13. f4 Nc5 14. Nxc5 dxc5 15. Qf3 g6 16. Qc3 Nd7 17. Bh3 Re8 18. Bxd7 Bxd7 19. Rae1 f6 20. Kg2 b6 21. Rf2 Qg7 22. fxe5 Rxe5 23. Nf3 Re7 24. Nd2 Re5 25. Nf3 Re7 26. Nh4 Rae8 27. Rfe2 g5 28. Nf3 Bg4 29. h3 Bxf3+ 30. Qxf3 Qg6 31. g4 Re5 32. a4 Kg7 33. Qd3 Qf7 34. Rf1 Qe7 35. Rfe1 Qd7 36. b3 Qd6 37. Rf1 Qe7 38. Rfe1 1/2-1/2

[Event "HUN-chT2 Breyer 0910"]
[Site "Hungary"]
[Date "2010.04.11"]
[Round "9"]
[White "Sugar, Gabor"]
[Black "Csoke, Adrienn"]
[Result "1-0"]
[WhiteElo "2078"]
[BlackElo "2165"]
[PlyCount "89"]
[EventDate "2009.11.08"]
[EventType "team-tourn"]
[EventRounds "11"]
[EventCountry "HUN"]
[SourceTitle "EXT 2011"]
[Source "ChessBase"]
[SourceDate "2010.11.26"]
[SourceVersion "1"]
[SourceVersionDate "2010.11.26"]
[SourceQuality "1"]
[WhiteTeam "Zsambek"]
[BlackTeam "Biatorbagy"]
[WhiteTeamCountry "HUN"]
[BlackTeamCountry "HUN"]

1. e4 c5 2. Nc3 Nc6 3. g3 g6 4. Bg2 Bg7 5. d3 d6 6. Be3 e6 7. Qd2 Nd4 8. f4 Ne7 9. Nf3 Nec6 10. 0-0 0-0 11. Bf2 Rb8 12. Nd1 b5 13. c3 Nxf3+ 14. Bxf3 Qa5 15. Be3 b4 16. e5 Bb7 17. exd6 Rfd8 18. f5 exf5 19. Bf4 Ne5 20. Bxb7 Rxb7 21. Qe2 c4 22. d4 Nd3 23. Bg5 f6 24. Qe6+ Rf7 25. Qxc4 Nxb2 26. Nxb2 fxg5 27. Rae1 Rxd6 28. Re8+ Bf8 29. Nd3 Qd5 30. Qxd5 Rxd5 31. Nxb4 Rd6 32. Rfe1 Rc7 33. Ra8 Kf7 34. Ree8 Bg7 35. Rec8 Rdd7 36. Nc6 Rxc8 37. Rxc8 Ke6 38. a4 f4 39. a5 Kd5 40. c4+ Ke4 41. d5 f3 42. a6 Bd4+ 43. Kf1 Bb6 44. Rb8 Rd6 45. Rxb6 1-0

[Event "HUN-chT2 Breyer 0910"]
[Site "Hungary"]
[Date "2009.12.20"]
[Round "4"]
[White "Szegi, Tamas"]
[Black "Csoke, Adrienn"]
[Result "1-0"]
[WhiteElo "2224"]
[BlackElo "2165"]
[PlyCount "51"]
[EventDate "2009.11.08"]
[EventType "team-tourn"]
[EventRounds "11"]
[EventCountry "HUN"]
[SourceTitle "EXT 2011"]
[Source "ChessBase"]
[SourceDate "2010.11.26"]
[SourceVersion "1"]
[SourceVersionDate "2010.11.26"]
[SourceQuality "1"]
[WhiteTeam "Kisber Aszar"]
[BlackTeam "Biatorbagy"]
[WhiteTeamCountry "HUN"]
[BlackTeamCountry "HUN"]

1. e4 c5 2. Nf3 b6 3. Bc4 e6 4. 0-0 Bb7 5. Nc3 a6 6. a4 Nc6 7. d4 cxd4 8. Nxd4 Qc7 9. Nxc6 Qxc6 10. Qe2 Be7 11. Re1 h5 12. Bf4 Kf8 13. Rad1 g5 14. Be5 f6 15. Bd4 Rh7 16. Qd3 Rf7 17. Bb3 Bd8 18. Qe2 h4 19. h3 Bc7 20. f3 Ne7 21. e5 f5 22. Qd2 Rg7 23. Bf2 Rd8 24. Ne2 d5 25. exd6 Bxd6 26. Nd4 1-0

[Event "HUN-chT2 Breyer 0910"]
[Site "Hungary"]
[Date "2009.11.08"]
[Round "1"]
[White "Csoke, Adrienn"]
[Black "Kormos, Adam"]
[Result "0-1"]
[WhiteElo "2165"]
[BlackElo "2176"]
[PlyCount "104"]
[EventDate "2009.11.08"]
[EventType "team-tourn"]
[EventRounds "11"]
[EventCountry "HUN"]
[SourceTitle "EXT 2011"]
[Source "ChessBase"]
[SourceDate "2010.11.26"]
[SourceVersion "1"]
[SourceVersionDate "2010.11.26"]
[SourceQuality "1"]
[WhiteTeam "Biatorbagy"]
[BlackTeam "BEAC II"]
[WhiteTeamCountry "HUN"]
[BlackTeamCountry "HUN"]

1. e4 c5 2. Nf3 d6 3. d4 cxd4 4. Qxd4 a6 5. c4 Nc6 6. Qd3 Nf6 7. Nc3 Bg4 8. Be2 g6 9. 0-0 Bg7 10. Rb1 Rc8 11. b3 Nd7 12. Bb2 Nc5 13. Qe3 Bxf3 14. Bxf3 0-0 15. Rfd1 Ne5 16. Be2 Nc6 17. f4 Ne6 18. Kh1 Qa5 19. Bg4 Rcd8 20. Rd5 Qc7 21. Rbd1 Qb8 22. R5d2 Qa7 23. Qg3 Nc5 24. Bf3 Qb8 25. Nd5 b5 26. cxb5 axb5 27. f5 Bxb2 28. Rxb2 Nd7 29. Rc2 Nde5 30. f6 exf6 31. Nxf6+ Kg7 32. Qh4 h6 33. Rf2 Qa7 34. Rdf1 Nd3 35. Rd2 Qe3 36. Re2 Qf4 37. Ng4 Nce5 38. g3 Qg5 39. Qxg5 hxg5 40. Rd2 Nc5 41. Nxe5 dxe5 42. Rfd1 Rxd2 43. Rxd2 Ne6 44. Rd5 Nd4 45. Bg4 f5 46. exf5 gxf5 47. Bh5 Kf6 48. g4 Ke6 49. Rc5 Ra8 50. Bg6 Kd6 51. Rc1 Rxa2 52. gxf5 Nf3 0-1

[Event "HUN-chT2 Erkel 0708"]
[Site "Hungary"]
[Date "2008.03.30"]
[Round "9"]
[White "Csoke, Adrienn"]
[Black "Kalmar, Karoly"]
[Result "1/2-1/2"]
[WhiteElo "2177"]
[BlackElo "2004"]
[PlyCount "68"]
[EventDate "2007.10.14"]
[EventType "team"]
[EventRounds "11"]
[EventCountry "HUN"]
[SourceTitle "EXT 2009"]
[Source "ChessBase"]
[SourceDate "2008.11.26"]
[SourceVersion "1"]
[SourceVersionDate "2008.11.26"]
[SourceQuality "1"]
[WhiteTeam "Keviterv"]
[BlackTeam "Dunaharaszti II"]
[WhiteTeamCountry "HUN"]
[BlackTeamCountry "HUN"]

1. e4 c5 2. b3 Nc6 3. Bb2 d6 4. Nf3 a6 5. h3 Nf6 6. Nc3 e6 7. a4 b6 8. d3 Bb7 9. g3 Be7 10. Bg2 Qc7 11. Ne2 0-0 12. 0-0 d5 13. exd5 Nxd5 14. Qd2 Rad8 15. Rad1 h6 16. c3 Rd7 17. Qc2 Rfd8 18. d4 Bf6 19. Ba3 Nce7 20. dxc5 bxc5 21. Nd2 Nf5 22. Ne4 Be7 23. Bc1 Nd6 24. Nxd6 Bxd6 25. Bxd5 Bxd5 26. c4 Bf3 27. Rd2 Be5 28. Rxd7 Qxd7 29. Be3 Qd3 30. Qxd3 Rxd3 31. Nc1 Rc3 32. Bxc5 Rc2 33. Be3 Bxg3 34. fxg3 Rg2+ 1/2-1/2

[Event "HUN-chT2 Erkel 0708"]
[Site "Hungary"]
[Date "2008.03.16"]
[Round "8"]
[White "Horvath, Jeno Kalman"]
[Black "Csoke, Adrienn"]
[Result "1-0"]
[WhiteElo "2111"]
[BlackElo "2177"]
[PlyCount "67"]
[EventDate "2007.10.14"]
[EventType "team"]
[EventRounds "11"]
[EventCountry "HUN"]
[SourceTitle "EXT 2009"]
[Source "ChessBase"]
[SourceDate "2008.11.26"]
[SourceVersion "1"]
[SourceVersionDate "2008.11.26"]
[SourceQuality "1"]
[WhiteTeam "Foti"]
[BlackTeam "Keviterv"]
[WhiteTeamCountry "HUN"]
[BlackTeamCountry "HUN"]

1. e4 c5 2. c3 d6 3. d4 Nf6 4. dxc5 Nc6 5. Bc4 e6 6. cxd6 Nxe4 7. Nf3 Bxd6 8. Qe2 Nf6 9. Bg5 Qc7 10. Nbd2 Bd7 11. a4 a6 12. 0-0 Ng4 13. h3 h6 14. Bh4 Nh2 15. Rfd1 Nxf3+ 16. Nxf3 g5 17. Rxd6 Qxd6 18. Bg3 Qe7 19. Rd1 Rg8 20. b4 Rc8 21. Bb3 h5 22. Bd6 Qf6 23. Ne5 Nxe5 24. Bxe5 Qg6 25. Bc2 f5 26. Bb3 h4 27. Qd3 Qf7 28. b5 axb5 29. axb5 g4 30. hxg4 Rxg4 31. Kh2 Ra8 32. Rd2 Qe7 33. Bd1 Re4 34. Bh5+ 1-0

[Event "HUN-chT2 Erkel 0708"]
[Site "Hungary"]
[Date "2008.02.17"]
[Round "6"]
[White "Zala, Gyula"]
[Black "Csoke, Adrienn"]
[Result "0-1"]
[WhiteElo "2110"]
[BlackElo "2177"]
[PlyCount "68"]
[EventDate "2007.10.14"]
[EventType "team"]
[EventRounds "11"]
[EventCountry "HUN"]
[SourceTitle "EXT 2009"]
[Source "ChessBase"]
[SourceDate "2008.11.26"]
[SourceVersion "1"]
[SourceVersionDate "2008.11.26"]
[SourceQuality "1"]
[WhiteTeam "Vaci"]
[BlackTeam "Keviterv"]
[WhiteTeamCountry "HUN"]
[BlackTeamCountry "HUN"]

1. e4 c5 2. a3 g6 3. b4 Bg7 4. c3 d6 5. Nf3 Nf6 6. d3 0-0 7. Be2 b6 8. Ra2 Bb7 9. Rb2 Nfd7 10. h4 Nc6 11. h5 Nce5 12. hxg6 Nxf3+ 13. Bxf3 hxg6 14. Bh6 Bxh6 15. Rxh6 Kg7 16. Rh1 Rh8 17. Ke2 Rxh1 18. Qxh1 Ne5 19. Nd2 Rc8 20. c4 Nc6 21. Nb3 cxb4 22. axb4 Nxb4 23. Qa1 Nc6 24. Rb1+ e5 25. Rh1 Qf6 26. Qc1 Rh8 27. Rxh8 Kxh8 28. Qh6+ Kg8 29. g3 a5 30. Bg4 a4 31. Nd2 Nd4+ 32. Ke3 a3 33. f4 a2 34. Qh1 a1Q 0-1

[Event "HUN-chT2 Erkel 0607"]
[Site "Hungary"]
[Date "2007.05.06"]
[Round "10"]
[White "Csoke, Adrienn"]
[Black "Kovacs, Gyorgy"]
[Result "0-1"]
[WhiteElo "2171"]
[BlackElo "2149"]
[PlyCount "141"]
[EventDate "2006.11.12"]
[EventType "team"]
[EventRounds "11"]
[EventCountry "HUN"]
[SourceTitle "EXT 2008"]
[Source "ChessBase"]
[SourceDate "2007.11.25"]
[SourceVersion "1"]
[SourceVersionDate "2007.11.25"]
[SourceQuality "1"]
[WhiteTeam "Keviterv"]
[BlackTeam "Godollo"]
[WhiteTeamCountry "HUN"]
[BlackTeamCountry "HUN"]

1. e4 c5 2. b3 Nc6 3. Bb2 d6 4. Bb5 Bd7 5. Ne2 e5 6. a4 Nf6 7. d3 Be7 8. 0-0 0-0 9. Ng3 a6 10. Bxc6 bxc6 11. Nd2 Ng4 12. Nc4 Nh6 13. Bc1 Ng4 14. h3 Nf6 15. Qf3 Ne8 16. Bd2 Rb8 17. Ba5 Nc7 18. Nf5 Bxf5 19. exf5 Qd7 20. Nb6 Qe8 21. Rfe1 f6 22. Qg4 Bd8 23. Nc4 Qd7 24. Nd2 Nd5 25. Bxd8 Rfxd8 26. Ne4 Kh8 27. Qf3 Ne7 28. g4 Nd5 29. Kh1 Nf4 30. h4 Rf8 31. Rg1 Rf7 32. Qe3 Rg8 33. Ng3 g6 34. f3 Rfg7 35. c3 d5 36. d4 cxd4 37. cxd4 Re8 38. Rae1 Rge7 39. Qd2 Qb7 40. b4 a5 41. Rb1 Qa7 42. dxe5 fxe5 43. bxa5 Rb7 44. Rxb7 Qxb7 45. fxg6 hxg6 46. Ne2 Qe7 47. Nxf4 exf4 48. Qxf4 Qxh4+ 49. Qh2 Qxh2+ 50. Kxh2 Ra8 51. Rc1 Ra6 52. Kg3 Kg7 53. Rc5 Kf6 54. f4 Ke6 55. Kh4 Kd6 56. Rc1 Rxa5 57. Kg5 Rxa4 58. Rf1 d4 59. Kxg6 d3 60. g5 c5 61. f5 c4 62. f6 d2 63. f7 Ra8 64. Kg7 c3 65. f8Q+ Rxf8 66. Kxf8 c2 67. g6 c1Q 68. Rxc1 dxc1Q 69. g7 Qc8+ 70. Kf7 Qc4+ 71. Ke8 0-1

[Event "HUN-chT2 Toth 0506"]
[Site "Hungary"]
[Date "2006.04.23"]
[Round "11"]
[White "Szilagyi, Andras"]
[Black "Csoke, Adrienn"]
[Result "1/2-1/2"]
[WhiteElo "2152"]
[BlackElo "2173"]
[PlyCount "43"]
[EventDate "2005.10.16"]
[EventType "team"]
[EventRounds "11"]
[EventCountry "HUN"]
[SourceTitle "EXT 2009"]
[Source "ChessBase"]
[SourceDate "2008.11.26"]
[SourceVersion "1"]
[SourceVersionDate "2008.11.26"]
[SourceQuality "1"]
[WhiteTeam "Bege"]
[BlackTeam "Metroepszolg"]
[WhiteTeamCountry "HUN"]
[BlackTeamCountry "HUN"]

1. d4 d5 2. c4 dxc4 3. Nf3 c5 4. e3 cxd4 5. exd4 Nf6 6. Bxc4 e6 7. 0-0 Be7 8. Nc3 0-0 9. Qe2 Nc6 10. Be3 a6 11. a4 Nb4 12. Rad1 Nbd5 13. Bg5 Bd7 14. Nxd5 exd5 15. Bb3 Be6 16. Ne5 Qb6 17. Qd3 Rfe8 18. Bc2 g6 19. Qb3 Qa7 20. Qf3 Kg7 21. Qf4 Ng8 22. Bxe7 1/2-1/2

[Event "HUN-chT2 Toth 0506"]
[Site "Hungary"]
[Date "2005.11.27"]
[Round "4"]
[White "Csoke, Adrienn"]
[Black "Revesz, Bela"]
[Result "1/2-1/2"]
[WhiteElo "2173"]
[BlackElo "2040"]
[PlyCount "44"]
[EventDate "2005.10.16"]
[EventType "team"]
[EventRounds "11"]
[EventCountry "HUN"]
[SourceTitle "EXT 2009"]
[Source "ChessBase"]
[SourceDate "2008.11.26"]
[SourceVersion "1"]
[SourceVersionDate "2008.11.26"]
[SourceQuality "1"]
[WhiteTeam "Metroepszolg"]
[BlackTeam "Bekes"]
[WhiteTeamCountry "HUN"]
[BlackTeamCountry "HUN"]

1. Nf3 Nf6 2. c4 c5 3. g3 d5 4. cxd5 Nxd5 5. Bg2 Nc6 6. 0-0 e5 7. Nc3 Nc7 8. b3 Be7 9. Bb2 0-0 10. Rc1 f6 11. Qc2 Bd7 12. Qb1 Qe8 13. d3 Rd8 14. a3 Be6 15. Ne4 b6 16. b4 cxb4 17. axb4 Nb5 18. Bc3 Nxc3 19. Rxc3 Bxb4 20. Rxc6 Qxc6 21. Qxb4 a5 22. Qa3 Rc8 1/2-1/2

[Event "HUN-chT2 Toth 0506"]
[Site "Hungary"]
[Date "2005.10.30"]
[Round "2"]
[White "Csoke, Adrienn"]
[Black "Kajari, Istvan"]
[Result "1/2-1/2"]
[WhiteElo "2173"]
[BlackElo "2247"]
[PlyCount "137"]
[EventDate "2005.10.16"]
[EventType "team"]
[EventRounds "11"]
[EventCountry "HUN"]
[SourceTitle "EXT 2009"]
[Source "ChessBase"]
[SourceDate "2008.11.26"]
[SourceVersion "1"]
[SourceVersionDate "2008.11.26"]
[SourceQuality "1"]
[WhiteTeam "Metroepszolg"]
[BlackTeam "GyD"]
[WhiteTeamCountry "HUN"]
[BlackTeamCountry "HUN"]

1. Nf3 Nf6 2. c4 e6 3. g3 b6 4. Bg2 Bb7 5. 0-0 Be7 6. b3 0-0 7. Bb2 c5 8. Nc3 d5 9. cxd5 Nxd5 10. d3 Nd7 11. Qd2 Qc7 12. Rac1 Rac8 13. Nb5 Qb8 14. Na3 Rfd8 15. Rfd1 h6 16. Nc4 Bf6 17. Bxf6 N7xf6 18. Qb2 Nb4 19. Nce5 Qa8 20. a3 Nc6 21. Nxc6 Bxc6 22. Rd2 Qb8 23. Rdc2 Bb7 24. Qe5 Bxf3 25. Qxb8 Rxb8 26. Bxf3 Rd4 27. Rc4 Rbd8 28. b4 cxb4 29. axb4 g5 30. Rxd4 Rxd4 31. Rc8+ Kg7 32. b5 Rb4 33. Bc6 Rb1+ 34. Kg2 Rb2 35. Kf1 Ra2 36. Rc7 Ra5 37. h3 a6 38. bxa6 Rxa6 39. Rb7 Ra1+ 40. Kg2 Rb1 41. Kf3 Rb2 42. Ke3 h5 43. Bf3 Kg6 44. Bc6 Kg7 45. Rb8 Ng8 46. Bf3 Nf6 47. Bc6 g4 48. h4 Ng8 49. Rb7 Nh6 50. Be4 Ng8 51. Bc6 Kg6 52. d4 Rb3+ 53. Kf4 Kf6 54. f3 Ne7 55. Be4 gxf3 56. Bxf3 Nd5+ 57. Bxd5 exd5 58. Rc7 Kg6 59. Rd7 Rb2 60. Kf3 Rb5 61. g4 Rb3+ 62. Kf4 hxg4 63. Kxg4 Re3 64. h5+ Kg7 65. Rxd5 Rxe2 66. Rd6 Re6 67. Rd8 Re4+ 68. Kf5 Re1 69. d5 1/2-1/2

[Event "HUN-chT2 Erkel 0405"]
[Site "Hungary"]
[Date "2004.12.12"]
[Round "5"]
[White "Horvath, Jeno Kalman"]
[Black "Csoke, Adrienn"]
[Result "1/2-1/2"]
[WhiteElo "2131"]
[BlackElo "2210"]
[PlyCount "35"]
[EventDate "2004.09.26"]
[EventType "team"]
[EventRounds "11"]
[EventCountry "HUN"]
[SourceTitle "EXT 2009"]
[Source "ChessBase"]
[SourceDate "2008.11.26"]
[SourceVersion "1"]
[SourceVersionDate "2008.11.26"]
[SourceQuality "1"]
[WhiteTeam "Foti"]
[BlackTeam "Metroepszolg"]
[WhiteTeamCountry "HUN"]
[BlackTeamCountry "HUN"]

1. e4 c5 2. Nf3 e6 3. c3 d6 4. d4 Nf6 5. dxc5 Nc6 6. cxd6 Nxe4 7. Bd3 Nxd6 8. 0-0 Be7 9. Qe2 Bf6 10. Bf4 Qe7 11. Ne5 Nxe5 12. Bxe5 Bd7 13. Nd2 0-0-0 14. Rad1 Bxe5 15. Qxe5 Bc6 16. Qe3 Kb8 17. Nc4 Nxc4 18. Bxc4 1/2-1/2

[Event "HUN-chT2 Erkel 0405"]
[Site "Hungary"]
[Date "2004.11.21"]
[Round "3"]
[White "Antal, Laszlo"]
[Black "Csoke, Adrienn"]
[Result "1/2-1/2"]
[WhiteElo "2181"]
[BlackElo "2210"]
[PlyCount "71"]
[EventDate "2004.09.26"]
[EventType "team"]
[EventRounds "11"]
[EventCountry "HUN"]
[SourceTitle "EXT 2009"]
[Source "ChessBase"]
[SourceDate "2008.11.26"]
[SourceVersion "1"]
[SourceVersionDate "2008.11.26"]
[SourceQuality "1"]
[WhiteTeam "Fuzesabony"]
[BlackTeam "Metroepszolg"]
[WhiteTeamCountry "HUN"]
[BlackTeamCountry "HUN"]

1. e4 c5 2. Nc3 Nc6 3. g3 g6 4. Bg2 Bg7 5. d3 d6 6. f4 e6 7. Nf3 Nge7 8. 0-0 0-0 9. Be3 Nd4 10. Rb1 Rb8 11. Ne2 Nxf3+ 12. Bxf3 b6 13. c3 Qd7 14. Bf2 Bb7 15. g4 f5 16. Bh4 Kh8 17. Ng3 d5 18. gxf5 gxf5 19. Bxe7 Qxe7 20. exf5 exf5 21. Kh1 d4 22. c4 Rbe8 23. Bxb7 Qxb7+ 24. Qf3 Qxf3+ 25. Rxf3 Bh6 26. Kg2 Kg7 27. Kf2 Kf6 28. Nh5+ Ke6 29. Re1+ Kf7 30. Rxe8 Rxe8 31. Ng3 Kg6 32. Ne2 Re6 33. Rg3+ Kf7 34. Rh3 a6 35. a4 Kg6 36. Rg3+ 1/2-1/2

[Event "HUN-chT2 Maroczy 0304"]
[Site "Hungary"]
[Date "2004.02.08"]
[Round "7"]
[White "Somodi, Balazs"]
[Black "Csoke, Adrienn"]
[Result "0-1"]
[WhiteElo "2172"]
[BlackElo "2167"]
[PlyCount "78"]
[EventDate "2003.09.28"]
[EventType "team"]
[EventRounds "11"]
[EventCountry "HUN"]
[SourceTitle "EXT 2005"]
[Source "ChessBase"]
[SourceDate "2004.11.15"]
[SourceVersion "1"]
[SourceVersionDate "2004.11.15"]
[SourceQuality "1"]

1. d4 Nf6 2. c4 d5 3. cxd5 Nxd5 4. e4 Nb6 5. Nc3 c6 6. Nf3 Bg4 7. Be2 g6 8. 0-0 Bg7 9. Be3 0-0 10. h3 Bxf3 11. Bxf3 Nc4 12. Qb3 Nxe3 13. fxe3 Qb6 14. Na4 Qxb3 15. axb3 Na6 16. Rfc1 Rfd8 17. Be2 e5 18. Bxa6 bxa6 19. dxe5 Bxe5 20. Rxc6 Rd3 21. Kf2 Rxb3 22. Rxa6 Rd8 23. Rxa7 Rd2+ 24. Kf3 h5 25. Ra3 Rb4 26. Ra2 g5 27. Nc3 g4+ 28. hxg4 hxg4+ 29. Kxg4 Rxg2+ 30. Kf5 Bb8 31. b3 Rg1 32. R7a3 Rf1+ 33. Kg4 Be5 34. Nd5 Rxe4+ 35. Kh3 Bb8 36. Rg2+ Kh7 37. Ra8 Rf3+ 38. Rg3 Rxg3+ 39. Kh2 Rh4# 0-1

[Event "HUN-chT2 Maroczy 0203"]
[Site "Hungary"]
[Date "2003.04.13"]
[Round "11.6"]
[White "Pesztericz, Laszlo"]
[Black "Csoke, Adrienn"]
[Result "1-0"]
[WhiteElo "2203"]
[BlackElo "2119"]
[PlyCount "73"]
[EventDate "2002.09.22"]
[EventType "team"]
[EventRounds "11"]
[EventCountry "HUN"]
[SourceTitle "EXT 2004"]
[Source "ChessBase"]
[SourceDate "2003.11.25"]
[SourceVersion "1"]
[SourceVersionDate "2003.11.25"]
[SourceQuality "1"]
[WhiteTeam "Husi"]
[BlackTeam "Metroepszolg"]
[WhiteTeamCountry "HUN"]
[BlackTeamCountry "HUN"]

1. e4 g6 2. d4 Bg7 3. c4 d6 4. Nc3 Nf6 5. f4 Na6 6. Nf3 c5 7. d5 0-0 8. Bd3 Nc7 9. 0-0 Bg4 10. h3 Bxf3 11. Qxf3 Nd7 12. Be3 e6 13. Rae1 a6 14. a4 Rb8 15. Re2 exd5 16. exd5 f5 17. Bf2 Qf6 18. g4 Rbe8 19. gxf5 gxf5 20. Kh2 Qf7 21. Rg1 Kh8 22. Rg5 Rxe2 23. Nxe2 Bxb2 24. Rxf5 Qe8 25. Ng3 Rxf5 26. Nxf5 Qf8 27. Bh4 Bf6 28. Qh5 Bxh4 29. Qxh4 Nf6 30. Qe1 Nce8 31. Qe6 Ng7 32. Qxd6 Qxd6 33. Nxd6 Ngh5 34. Nxb7 Nxf4 35. Nxc5 a5 36. Bf5 Ne2 37. d6 1-0

[Event "HUN-chT2 Maroczy 0203"]
[Site "Hungary"]
[Date "2003.01.19"]
[Round "5.5"]
[White "Kovacs, Istvan"]
[Black "Csoke, Adrienn"]
[Result "0-1"]
[WhiteElo "2236"]
[BlackElo "2119"]
[PlyCount "80"]
[EventDate "2002.09.22"]
[EventType "team"]
[EventRounds "11"]
[EventCountry "HUN"]
[SourceTitle "EXT 2004"]
[Source "ChessBase"]
[SourceDate "2003.11.25"]
[SourceVersion "1"]
[SourceVersionDate "2003.11.25"]
[SourceQuality "1"]
[WhiteTeam "Dunaharaszti"]
[BlackTeam "Metroepszolg"]
[WhiteTeamCountry "HUN"]
[BlackTeamCountry "HUN"]

1. b3 e5 2. Bb2 Nc6 3. e3 d6 4. c4 Nf6 5. d3 g6 6. Nf3 Bg7 7. Be2 0-0 8. 0-0 Ne8 9. Qd2 f5 10. b4 b6 11. b5 Nb8 12. a4 a5 13. bxa6 Nxa6 14. d4 e4 15. Ne1 Bb7 16. a5 c5 17. d5 Nb4 18. Bxg7 Nxg7 19. Nc3 bxa5 20. Nc2 Qe7 21. Ra3 Ra6 22. Na1 Rfa8 23. Nb3 a4 24. Na1 Bc8 25. Nc2 Bd7 26. Rfa1 Qe5 27. Nb5 Qb2 28. Bd1 Bxb5 29. cxb5 Ra5 30. b6 Nxc2 31. Bxc2 Qxb6 32. Rxa4 Rxa4 33. Rxa4 Rxa4 34. Bxa4 Qb1+ 35. Bd1 Qd3 36. Qc1 c4 37. g4 h6 38. gxf5 gxf5 39. f3 c3 40. fxe4 fxe4 0-1

[Event "HUN-chT2 Maroczy 0203"]
[Site "Hungary"]
[Date "2002.09.22"]
[Round "1.4"]
[White "Csoke, Adrienn"]
[Black "Sipos, Istvan"]
[Result "1/2-1/2"]
[WhiteElo "2119"]
[BlackElo "2222"]
[PlyCount "87"]
[EventDate "2002.09.22"]
[EventType "team"]
[EventRounds "11"]
[EventCountry "HUN"]
[SourceTitle "EXT 2004"]
[Source "ChessBase"]
[SourceDate "2003.11.25"]
[SourceVersion "1"]
[SourceVersionDate "2003.11.25"]
[SourceQuality "1"]
[WhiteTeam "Metroepszolg"]
[BlackTeam "Stat PSC II"]
[WhiteTeamCountry "HUN"]
[BlackTeamCountry "HUN"]

1. Nf3 Nf6 2. g3 g6 3. Bg2 Bg7 4. 0-0 0-0 5. d4 d5 6. c3 b6 7. Nbd2 Bb7 8. Ne5 e6 9. Re1 Nbd7 10. f4 c5 11. Ndf3 Ne4 12. Qa4 Ndf6 13. g4 Nd6 14. dxc5 bxc5 15. Be3 Qc7 16. Rac1 Nfe4 17. b4 a5 18. Qd7 Qxd7 19. Nxd7 Rfd8 20. Nb6 Bxc3 21. Nxa8 Bxe1 22. Nxe1 Rxa8 23. bxc5 Nc4 24. Bxe4 Nxe3 25. Bf3 Rc8 26. Kf2 Nc4 27. Rxc4 dxc4 28. Bxb7 Rxc5 29. Ke3 e5 30. f5 Kg7 31. Be4 Rb5 32. a4 Rb3+ 33. Kd2 c3+ 34. Kd3 Rb4 35. Nc2 Rxa4 36. h3 Kf6 37. fxg6 fxg6 38. h4 Ke6 39. h5 Kf6 40. hxg6 hxg6 41. e3 Kg5 42. Ne1 Rb4 43. Nc2 Ra4 44. Ne1 1/2-1/2

[Event "HUN-chT2 0102"]
[Site "Hungary"]
[Date "2002.04.21"]
[Round "11"]
[White "Sleisz, Tamas"]
[Black "Csoke, Adrienn"]
[Result "1-0"]
[WhiteElo "2241"]
[BlackElo "2117"]
[PlyCount "45"]
[EventDate "2001.??.??"]
[EventType "team"]
[EventRounds "11"]
[EventCountry "HUN"]
[SourceTitle "EXT 2004"]
[Source "ChessBase"]
[SourceDate "2003.11.25"]
[SourceVersion "1"]
[SourceVersionDate "2003.11.25"]
[SourceQuality "1"]

1. e4 g6 2. d4 Bg7 3. Nc3 c6 4. Bc4 b5 5. Bb3 a5 6. Qf3 e6 7. e5 d5 8. exd6 Qxd6 9. Nxb5 Qb4+ 10. Nc3 Bxd4 11. Nge2 Bg7 12. 0-0 Nh6 13. Ne4 Nd7 14. c3 Qe7 15. Nd4 Ne5 16. Qd1 Nf5 17. f4 Nxd4 18. fxe5 Nf5 19. Bg5 Qa7+ 20. Kh1 Ba6 21. Nd6+ Nxd6 22. Qxd6 Bc8 23. Qd8# 1-0

[Event "HUN-chT 9900"]
[Site "Hungary"]
[Date "2000.03.26"]
[Round "10"]
[White "Csoke, Adrienn"]
[Black "Balogh, Csaba"]
[Result "0-1"]
[WhiteElo "2156"]
[BlackElo "2235"]
[PlyCount "46"]
[EventDate "1999.09.26"]
[EventType "team"]
[EventRounds "11"]
[EventCountry "HUN"]
[SourceTitle "EXT 2009"]
[Source "ChessBase"]
[SourceDate "2008.11.26"]
[SourceVersion "1"]
[SourceVersionDate "2008.11.26"]
[SourceQuality "1"]
[WhiteTeam "Postas"]
[BlackTeam "Honved"]
[WhiteTeamCountry "HUN"]
[BlackTeamCountry "HUN"]

1. Nf3 c5 2. c4 Nc6 3. Nc3 Nf6 4. e4 e6 5. d4 cxd4 6. Nxd4 Bb4 7. Qd3 0-0 8. Nxc6 dxc6 9. Qf3 Qd4 10. Be2 Nxe4 11. 0-0 Bxc3 12. bxc3 Nxc3 13. Bd3 Rd8 14. Bxh7+ Kxh7 15. Bb2 Qd3 16. Bxc3 Qxf3 17. gxf3 b6 18. Rac1 Ba6 19. Ba1 Rd2 20. a3 Rad8 21. Rfe1 R8d3 22. Rc3 Rd1 23. Rf1 Rxf1+ 0-1

[Event "HUN-chT 9900"]
[Site "Hungary"]
[Date "1999.10.03"]
[Round "2"]
[White "Simon, Zsuzsanna"]
[Black "Csoke, Adrienn"]
[Result "0-1"]
[WhiteElo "2112"]
[BlackElo "2156"]
[PlyCount "58"]
[EventDate "1999.09.26"]
[EventType "team"]
[EventRounds "11"]
[EventCountry "HUN"]
[SourceTitle "EXT 2009"]
[Source "ChessBase"]
[SourceDate "2008.11.26"]
[SourceVersion "1"]
[SourceVersionDate "2008.11.26"]
[SourceQuality "1"]
[WhiteTeam "Paks"]
[BlackTeam "Postas"]
[WhiteTeamCountry "HUN"]
[BlackTeamCountry "HUN"]

1. e4 c5 2. c3 d6 3. d4 Nf6 4. Bd3 Nc6 5. Nf3 g6 6. 0-0 Bg7 7. Be3 Nd7 8. Nbd2 0-0 9. Nb3 b6 10. Qd2 Bb7 11. Bh6 e6 12. Bxg7 Kxg7 13. Qf4 e5 14. Qe3 Qf6 15. Bc4 exd4 16. cxd4 Rae8 17. Bd5 Ba8 18. Qc3 cxd4 19. Nfxd4 Nxd4 20. Qxd4 Bxd5 21. exd5 Re2 22. Qa4 Ne5 23. Qxa7 Rc8 24. Qxb6 Rcc2 25. Rfe1 Rxe1+ 26. Rxe1 Rxb2 27. Qd4 Rxb3 28. Qd1 Rb2 29. f3 Qg5 0-1